¿Por qué creemos? : (Record no. 25111)
[ view plain ]
| 000 -CABECERA | |
|---|---|
| campo de control de longitud fija | 00832nam a2200217 a 4500 |
| 001 - NÚMERO DE CONTROL | |
| campo de control | 000025619 |
| 005 - FECHA Y HORA DE LA ÚLTIMA TRANSACCIÓN | |
| campo de control | 20200930023924.0 |
| 008 - DATOS DE LONGITUD FIJA--INFORMACIÓN GENERAL | |
| campo de control de longitud fija | 110218s1967 sp r 001 0 spa d |
| 040 ## - FUENTE DE LA CATALOGACIÓN | |
| Centro catalogador/agencia de origen | DO-SdBNP |
| Lengua de catalogación | spa |
| Centro/agencia transcriptor | BNPHU |
| 082 ## - NÚMERO DE LA CLASIFICACIÓN DECIMAL DEWEY | |
| Número de clasificación | xxxxx |
| Número de documento/Ítem | P832q |
| 049 ## - FONDOS LOCALES (OCLC) | |
| Fondos de biblioteca | BNGR |
| 245 01 - MENCIÓN DE TÍTULO | |
| Título | ¿Por qué creemos? : |
| Resto del título | fundamentación y defensa de la fe en 40 tesis / |
| Mención de responsabilidad, etc. | traducción Alejandro Esteban Lator Ros ; dirección Walter kern , [et. al.]... |
| 260 ## - PUBLICACIÓN, DISTRIBUCIÓN, ETC. | |
| Lugar de publicación, distribución, etc. | Barcelona, España : |
| Nombre del editor, distribuidor, etc. | Herder, |
| Fecha de publicación, distribución, etc. | 1967. |
| 300 ## - DESCRIPCIÓN FÍSICA | |
| Extensión | 495 p. ; |
| Dimensiones | 22 cm. |
| 500 ## - NOTA GENERAL | |
| Nota general | Incluye referencia bibliográfica p. [461-471]. |
| 500 ## - NOTA GENERAL | |
| Nota general | Incluye índice de nombres. |
| 500 ## - NOTA GENERAL | |
| Nota general | Incluye índice de materias. |
| 504 ## - NOTA DE BIBLIOGRAFÍA, ETC. | |
| Nota de bibliografía, etc. | Incluye referencias bibliográficas y notas al pie de las páginas. |
| 700 1# - PUNTO DE ACCESO ADICIONAL--NOMBRE DE PERSONA | |
| Nombre de persona | Lator Ros, Alejandro Esteban, |
| Término indicativo de función/relación | tr. |
| 9 (RLIN) | 52311 |
| 700 1# - PUNTO DE ACCESO ADICIONAL--NOMBRE DE PERSONA | |
| Nombre de persona | kern, Walter |
| 9 (RLIN) | 52312 |
| Estado de retiro | Estado de pérdida | Restricciones de uso | No para préstamo | Código de colección | Localización permanente | Ubicación/localización actual | Ubicación en estantería | Fecha de adquisición | Número de inventario | Total de préstamos | Signatura topográfica completa | Código de barras | Fecha visto por última vez | Precio válido a partir de | Tipo de ítem Koha |
|---|---|---|---|---|---|---|---|---|---|---|---|---|---|---|---|
| Monografías: Libros y Folletos | General | General | En catalogación | 18.02.2011 | LF1 | xxxxx P832q | 25619-10 | 25.06.2020 | 25.06.2020 | Préstamo en sala |
